| 000 | 02006nam a2200301 a 4500 | ||
|---|---|---|---|
| 001 | 000004963 | ||
| 003 | DO-SdBNP | ||
| 005 | 20251027100648.0 | ||
| 008 | 090728t2002 dr 000 0 spa d | ||
| 020 | _z9993450022 | ||
| 040 |
_aDO-SdBNP _bspa _cBNPHU |
||
| 082 | 4 |
_a355.332 _bS684c _222 |
|
| 245 | 0 | 0 |
_aSoldados y ciudadanos en el Caribe / _ceditora Lilian Bobea. |
| 260 |
_aSanto Domingo : _bFLACSO, _c2002. |
||
| 300 |
_ax, 351 p. ; _c23 cm. |
||
| 504 | _aIncluye referencias bibliográficas y notas al pie de páginas. | ||
| 504 | _aIncluye referencias biográficas de los colaboradores. | ||
| 505 | 0 |
_aPrefacio -- _gIntroducción: Control civil democrático de las fuerzas de seguridad del Caribe / _rLilian Bobea -- _tRecomposición de las fuerzas de seguridad en el Caribe y su impacto en las relaciones cívico-militares / _rLilian Bobea -- _tLos militares y la política en República Dominicana: de la muerte de Trujillo al fin del siglo XX / _rWilfredo Lozano -- _tThe military of Guyana / _rDión E. Phillips -- _tThe military in Guyana: Political and institutional adaptations / _rIvelaw Griffith -- _tFuerzas armadas y política revolucionaria: el caso de Cuba de 1959 a los años 90 / _tVíctor Afanasiev -- _tFuerzas Armadas y política revolucionaria de Cuba / _rJorge Domínguez -- _tBusiness and corruption: framing the haitian military question / _rMichel Laguerre -- _tLa reforma policial en Haití: un triunfo sobre la historia / _rRachel Neild -- _tVieques y la política puertorriqueña / _tJorge Rodríguez Beruff -- _tConclusiones / _rLilian Bobea -- _gNotas biográficas. |
|
| 590 | _aInventariado, 2018/ YL | ||
| 650 | 4 |
_aSoldados _zCaribe (Región) _914328 |
|
| 650 | 4 |
_aMilitares _zCaribe (Región) _914329 |
|
| 650 | 4 |
_aPolicia _zCaribe (Región) _914330 |
|
| 651 | 0 |
_aCaribe (Región) _xFuerzas Armadas _987401 |
|
| 700 | 1 |
_aBobea, Lilian, _eed. _911661 |
|
| 710 | 1 |
_aFacultad Latinoamericana de Ciencias Sociales _9294 |
|
| 910 | _aValidado. Control de calidad EMS. | ||
| 942 |
_2ddc _cLBS1 |
||
| 999 |
_c4769 _d4769 |
||